Introduction to social psychology : (Record no. 1957)

MARC details
000 -LEADER
fixed length control field 01448cam a2200337 a 4500
001 - CONTROL NUMBER
control field 11992594
003 - CONTROL NUMBER IDENTIFIER
control field OSt
005 - DATE AND TIME OF LATEST TRANSACTION
control field 20150602131232.0
008 - FIXED-LENGTH DATA ELEMENTS--GENERAL INFORMATION
fixed length control field 000502s2001 maua b 001 0 eng
010 ## - LIBRARY OF CONGRESS CONTROL NUMBER
LC control number 00033702
020 ## - INTERNATIONAL STANDARD BOOK NUMBER
International Standard Book Number 0631204377 (pb : alk. paper)
040 ## - CATALOGING SOURCE
Original cataloging agency DLC
Transcribing agency DLC
Modifying agency DLC
043 ## - GEOGRAPHIC AREA CODE
Geographic area code e------
050 00 - LIBRARY OF CONGRESS CALL NUMBER
Classification number HM1033
Item number .I59 2001
082 00 - DEWEY DECIMAL CLASSIFICATION NUMBER
Classification number 150 INT 2001
Edition number 21
245 00 - TITLE STATEMENT
Title Introduction to social psychology :
Remainder of title a European perspective /
Statement of responsibility, etc. edited by Miles Hewstone and Wolfgang Stroebe.
250 ## - EDITION STATEMENT
Edition statement 3rd ed.
260 ## - PUBLICATION, DISTRIBUTION, ETC. (IMPRINT)
Place of publication, distribution, etc. Oxford, UK ;
-- Malden, Mass. :
Name of publisher, distributor, etc. Blackwell Publishers,
Date of publication, distribution, etc. 2001.
300 ## - PHYSICAL DESCRIPTION
Extent xxvii, 718 p. :
Other physical details ill. ;
Dimensions 25 cm.
504 ## - BIBLIOGRAPHY, ETC. NOTE
Bibliography, etc Includes bibliographical references (p. [607]-682) and indexes.
650 #0 - SUBJECT ADDED ENTRY--TOPICAL TERM
Topical term or geographic name as entry element Social psychology.
9 (RLIN) 1818
650 #0 - SUBJECT ADDED ENTRY--TOPICAL TERM
Topical term or geographic name as entry element Social psychology
Geographic subdivision Europe.
9 (RLIN) 5141
700 1# - ADDED ENTRY--PERSONAL NAME
Personal name Hewstone, Miles.
9 (RLIN) 5142
700 1# - ADDED ENTRY--PERSONAL NAME
Personal name Stroebe, Wolfgang.
9 (RLIN) 5143
856 41 - ELECTRONIC LOCATION AND ACCESS
Materials specified Table of contents only
Uniform Resource Identifier <a href="http://www.loc.gov/catdir/enhancements/fy0802/00033702-t.html">http://www.loc.gov/catdir/enhancements/fy0802/00033702-t.html</a>
856 42 - ELECTRONIC LOCATION AND ACCESS
Materials specified Publisher description
Uniform Resource Identifier <a href="http://www.loc.gov/catdir/enhancements/fy0802/00033702-d.html">http://www.loc.gov/catdir/enhancements/fy0802/00033702-d.html</a>
856 42 - ELECTRONIC LOCATION AND ACCESS
Materials specified Contributor biographical information
Uniform Resource Identifier <a href="http://www.loc.gov/catdir/enhancements/fy0802/00033702-b.html">http://www.loc.gov/catdir/enhancements/fy0802/00033702-b.html</a>
906 ## - LOCAL DATA ELEMENT F, LDF (RLIN)
a 7
b cbc
c orignew
d 1
e ocip
f 20
g y-gencatlg
942 ## - ADDED ENTRY ELEMENTS (KOHA)
Source of classification or shelving scheme Other/Generic Classification Scheme
Koha item type Short Loan
Holdings
Withdrawn status Lost status Source of classification or shelving scheme Damaged status Not for loan Home library Current library Date acquired Source of acquisition Inventory number Total Checkouts Full call number Barcode Date last seen Price effective from Koha item type
    Other/Generic Classification Scheme     MUST Main Library MUST Main Library 02/06/2015 Purchase 2001/15758   150 INT 2001 2015-1716 02/06/2015 02/06/2015 Short Loan
    Other/Generic Classification Scheme     MUST Main Library MUST Main Library 02/06/2015 Purchase 2001/15759   150 INT 2001 2015-1717 02/06/2015 02/06/2015 Short Loan